000 00774cab a2200217 4500
001 ABS42446
008 090401t xxu||||| |||| 00| 0 eng d
035 _a(Sirsi) u36871
041 _aeng
100 _aBaker, J.
245 _aValuation of petrol filling stations
260 _c8(2) Winter 1989/1990, 185-188(3)
350 _a0
490 _aJournal of Valuation
_v8(2) Winter 1989/1990, 185-188(3)
520 _aDiscusses how to value a petrol filling station examining current market conditions, outlining the areas which require particular consideration and analysis such as trading potential , rental evidence and petrol throughput.
650 _aTURNOVER
650 _aValuation
_96273
690 _aRATING AND VALUATION
942 _n0
948 _c04/03/1997
999 _c23859
_d23859